| 000 | 00483nam a22001457a 4500 | ||
|---|---|---|---|
| 008 | 081029t xxu||||| |||| 00| 0 eng d | ||
| 020 | _a9953335974 | ||
| 082 |
_222 _a658.4052 _bت ف ا |
||
| 245 |
_aالتفاوض الناجح: _bبرنامج للتطوير الذاتى/ _cمكتبة لبنان |
||
| 260 |
_aبيروت: _bمكتبة لبنان، _c2004 |
||
| 300 |
_a93؛ص _c24 سم |
||
| 500 | _acatalogued by: Wessam | ||
| 710 |
_917085 _aمكتبة لبنان |
||
| 942 |
_2ddc _cBB |
||
| 999 |
_c10257 _d10257 |
||